Teatro mundial : 1700 argumentos de obras de teatro, antiguo y moderno, nacional y extranjero /

Presentación alfabética de los dramaturgos más relevantes de la historia, con breves síntesis argumentales de sus obras.

Gorde:
Xehetasun bibliografikoak
Egile nagusia: Hoyo, Arturo del (compilación)
Formatua: Liburua
Hizkuntza:gaztelania
Argitaratua: Madrid, España : Aguilar, 1961, c1961
Edizioa:2a edición
Gaiak:
Etiketak: Etiketa erantsi
Etiketarik gabe, Izan zaitez lehena erregistro honi etiketa jartzen!

MARC

LEADER 00000nam^a2200000^a^4500
001 000315168
005 20250521000000.0
008 111013 19611961
009 20260310113236.826
025 |a Donación sin dato, 1 ejemplar 
037 |a Acervo ITESO - Biblioteca 
041 |a ESP 
082 |a 809. 2  |b HOY 
100 |a Hoyo, Arturo del  |e (compilación) 
245 1 0 |a Teatro mundial :  |b 1700 argumentos de obras de teatro, antiguo y moderno, nacional y extranjero /  |c Comp. de A. del Hoyo. 
250 |a 2a edición 
264 4 |a Madrid, España :  |b Aguilar,  |c 1961, c1961 
336 |a texto  |b txt  |2 rdacontenido 
337 |a sin mediación  |b n  |2 rdamedio 
338 |a volumen  |b nc  |2 rdasoporte 
520 |a Presentación alfabética de los dramaturgos más relevantes de la historia, con breves síntesis argumentales de sus obras. 
649 |a XX 
650 |a Argumentos (Drama, Novela, etc.) -  |x Tema Principal 
650 |a Teatro -  |x Tema Principal 
650 |a Literatura 
910 |a Fondo General 
920 |a Impresos - Libros 
930 |a Obras de Referencia 
940 |a Literatura 
905 |a 102 
901 |a 0500201856  |b IT2  |c REF  |i D  |u 20250521 
902 |a https://opac.biblio.iteso.mx/vufind/Record/000315168